00254nam a22000857a 4500008004100000020001800041110006100059245004000120300000800160140218t xxu||||| |||| 00| 0 eng d a0-939791-71-4 aTeachers of English to speakers of other languages, Inc. aESL Standards for pre-k-12 students a166